One piece - Equipage au chapeau de paille - Statistiques

Statistiques générales
  • Ce quiz a été pris 998 fois
  • Le résultat moyen est 10 sur 10
Statistiques - réponses
Hint Réponse % Correct
Capitaine Luffy
100%
Navigatrice Nami
99%
Second Zoro
99%
Medecin Chopper
98%
Cuisinier Sanji
98%
Archeologue Robin
96%
Musicien Brook
95%
Charpentier Franky
95%
Sniper Usopp
95%
Timonier Jimbe
89%
Aucun quiz correspondant
Distribution des résultats
% des personnes avec chaque résultat
Percentile par nombre de réponses
Votre historique - résultats
Vous n’avez pas pris ce quiz